02097nam a22003377a 4500999001500000001000600015003000900021005001700030008004100047040003800088082002500126245010800151260004100259300002000300504004100320505001200361650004600373650003900419700002800458942001200486952012600498952012600624952012600750952012600876952012601002952012601128952012601254952012601380952012601506952012701632 c1241d124117294BD-DhUAP20200204114905.0200204s2011 bg b 000 0 eng d aBD-DhUAPbEngcBD-DhUAPdBD-DhUAP00223a343.5492052 INC 10aIncome Tax Manual :bthe income tax odinance, 1984 (xxxvi of 1984) /ccompiled by Kazi Harun-Ur-Rashid. aDhaka :bMuhit Prokashani,c2011.  aParts ;c21 cm. aIncludes bibliographical references. aP. 1--  0a Income Tax Ordinance, 1984 (Bangladesh). 0aIncome tax v Law and legislation. aHarun-Ur-Rashid, Kazi.  2ddccBK 00102ddc4070aUAPCLbUAPCLcGeneral Stacksd2020-02-04o343.5492052 INC P-1p3010017294r2020-02-04t1w2020-02-04yBK 00102ddc4070aUAPCLbUAPCLcGeneral Stacksd2020-02-04o343.5492052 INC P-1p3010017295r2020-02-04t2w2020-02-04yBK 00102ddc4070aUAPCLbUAPCLcGeneral Stacksd2020-02-04o343.5492052 INC P-1p3010017296r2020-02-04t3w2020-02-04yBK 00102ddc4070aUAPCLbUAPCLcGeneral Stacksd2020-02-04o343.5492052 INC P-1p3010017297r2020-02-04t4w2020-02-04yBK 00102ddc4070aUAPCLbUAPCLcGeneral Stacksd2020-02-04o343.5492052 INC P-1p3010017298r2020-02-04t5w2020-02-04yBK 00102ddc4070aUAPCLbUAPCLcGeneral Stacksd2020-02-04o343.5492052 INC P-1p3010017299r2020-02-04t6w2020-02-04yBK 00102ddc4070aUAPCLbUAPCLcGeneral Stacksd2020-02-04o343.5492052 INC P-1p3010017300r2020-02-04t7w2020-02-04yBK 00102ddc4070aUAPCLbUAPCLcGeneral Stacksd2020-02-04o343.5492052 INC P-1p3010017301r2020-02-04t8w2020-02-04yBK 00102ddc4070aUAPCLbUAPCLcGeneral Stacksd2020-02-04o343.5492052 INC P-1p3010017302r2020-02-04t9w2020-02-04yBK 00102ddc4070aUAPCLbUAPCLcGeneral Stacksd2020-02-04o343.5492052 INC P-1p3010017303r2020-02-04t10w2020-02-04yBK